00803nam a22002177a 450000500170000001000150001702000260003203500140005803700090007203700090008108200130009010000250010324500840012826000400021227000800025230000230033270000350035594200240039099900190041495201520043320241210143706.0 aENG-142920 a9788184841053c780.00 aEN-126452 bDBAD bDBAD a305.421 aSujatha, K R 974896 aFeminine Aesthetics of Indian Women Writers/cby S Gokilavani [and] K R Sujatha aNew DelhibRegal Publicationsc2011 aF-159, Rajouri GardenbNew Delhie110027k45546396mregalbookspub@yahoo.com axv,199p.c22cm(hb) a Gokilavani, S eAuthor974897 2ddccENmSUJh305.4 c207525d207525 001040708NFICaRKPbRKPd2024-12-10eDelivery of Books Divisiong780.00l0oSUJ 305.4pEN-126452r2024-12-10 00:00:00t1v780.00w2024-12-10yEN